[Event "Trondheim Lewis op"]
[Site "Trondheim"]
[Date "2024.08.11"]
[Round "6"]
[White "Fischer, Daniel"]
[Black "Kolas, Tore"]
[Result "1/2-1/2"]
[WhiteElo "2371"]
[BlackElo "2098"]
[PlyCount "105"]
[EventDate "2024.08.06"]
[EventType "swiss"]
[EventRounds "9"]
[EventCountry "NOR"]
[SourceTitle "EXT 2025"]
[Source "ChessBase"]
[SourceDate "2024.10.14"]
[SourceVersion "1"]
[SourceVersionDate "2024.10.14"]
[SourceQuality "1"]

1. e4 c5 2. Nf3 d6 3. Bb5+ Bd7 4. Bxd7+ Nxd7 5. c3 Ngf6 6. Qe2 e6 7. 0-0 Be7 8. d4 0-0 9. e5 Ne8 10. Bf4 cxd4 11. cxd4 dxe5 12. dxe5 Nc7 13. Nc3 Nb6 14. Ne4 Nbd5 15. Bg5 Bxg5 16. Nfxg5 h6 17. Nf3 Nf4 18. Qe3 Ncd5 19. Qa3 Qb6 20. Nd6 Rfd8 21. Nd2 Qb4 22. Qxb4 Nxb4 23. N2c4 b6 24. g3 Ng6 25. f4 Ne7 26. Rfd1 Nbd5 27. Kf2 Rab8 28. Rac1 Nc8 29. Ne4 Nce7 30. Ncd6 Nc8 31. Nb5 Rb7 32. Rc4 Rbd7 33. Ra4 Nc3 34. Nexc3 Rxd1 35. Nxd1 Rxd1 36. Ke3 Rb1 37. b3 a5 38. Rc4 Ne7 39. Rc2 Nd5+ 40. Kf3 g5 41. fxg5 hxg5 42. Re2 Kg7 43. Nd6 a4 44. bxa4 Rb4 45. Re4 Rb2 46. h4 gxh4 47. Rg4+ Kf8 48. Rxh4 Rxa2 49. Rh7 Ra3+ 50. Kf2 Ra2+ 51. Kf3 Ra3+ 52. Kf2 Ra2+ 53. Kf3 1/2-1/2

[Event "Trondheim Pokal TSF"]
[Site "Trondheim"]
[Date "2020.09.24"]
[Round "3"]
[White "Ostgaard, Pal"]
[Black "Kolas, Tore"]
[Result "0-1"]
[WhiteElo "1683"]
[BlackElo "2165"]
[PlyCount "60"]
[EventDate "2020.09.07"]
[EventType "swiss"]
[EventRounds "9"]
[EventCountry "NOR"]
[SourceTitle "EXT 2024"]
[Source "ChessBase"]
[SourceDate "2023.10.10"]
[SourceVersion "1"]
[SourceVersionDate "2023.10.10"]
[SourceQuality "1"]

1. e4 c5 2. Nf3 Nc6 3. d4 cxd4 4. Nxd4 Nf6 5. Nc3 e5 6. Ndb5 d6 7. Bg5 a6 8. Na3 b5 9. Bxf6 gxf6 10. Nd5 f5 11. Bd3 Be6 12. c3 Bg7 13. Nc2 0-0 14. Nce3 fxe4 15. Bxe4 f5 16. Nf6+ Qxf6 17. Bxc6 Rad8 18. Bd5 Kh8 19. Bxe6 Qxe6 20. Qd5 Qg6 21. 0-0-0 e4 22. f4 exf3 23. Qxf3 b4 24. Nd5 bxc3 25. Nxc3 Rb8 26. Kb1 f4+ 27. Ka1 Qc2 28. Rb1 Rxb2 29. Rxb2 Bxc3 30. Rhb1 Rb8 0-1

[Event "Trondheim Brokstads Memorial"]
[Site "Trondheim"]
[Date "2019.11.24"]
[Round "7"]
[White "Christiansen, Johan Sebastian"]
[Black "Kolas, Tore"]
[Result "1-0"]
[WhiteElo "2580"]
[BlackElo "2125"]
[PlyCount "63"]
[EventDate "2019.11.22"]
[EventType "swiss"]
[EventRounds "7"]
[EventCountry "NOR"]
[SourceTitle "EXT 2021"]
[Source "ChessBase"]
[SourceDate "2020.10.23"]
[SourceVersion "1"]
[SourceVersionDate "2020.10.23"]
[SourceQuality "1"]

1. e4 c5 2. Nf3 Nc6 3. c3 Nf6 4. e5 Nd5 5. Bc4 Nb6 6. Bb3 d5 7. exd6 Qxd6 8. 0-0 Bf5 9. d4 e6 10. Na3 a6 11. Be3 cxd4 12. Nxd4 Nxd4 13. Bxd4 Be7 14. Qf3 Qc7 15. Bxg7 Rg8 16. Bd4 0-0-0 17. Rfe1 Bxa3 18. bxa3 Nc4 19. Qe2 Nxa3 20. Be5 Qc6 21. Bg3 Qc5 22. Qf3 Rg4 23. Re5 Qb6 24. Rxf5 Rxg3 25. hxg3 exf5 26. Qxf5+ Kb8 27. c4 Ka7 28. c5 Qb4 29. Rc1 Nb5 30. c6 Nd4 31. c7 Ne2+ 32. Kf1 1-0

[Event "Hell op"]
[Site "Hell"]
[Date "2019.08.09"]
[Round "8"]
[White "Kolas, Tore"]
[Black "Kashwan, Hassan"]
[Result "1-0"]
[WhiteElo "2125"]
[BlackElo "1880"]
[PlyCount "98"]
[EventDate "2019.08.03"]
[EventType "swiss"]
[EventRounds "10"]
[EventCountry "NOR"]
[SourceTitle "CBM 191 Extra"]
[Source "ChessBase"]
[SourceDate "2019.09.30"]
[SourceVersion "1"]
[SourceVersionDate "2019.09.30"]
[SourceQuality "1"]

1. c4 c5 2. Nf3 Nc6 3. d4 cxd4 4. Nxd4 g6 5. e4 Bg7 6. Be3 Nf6 7. Nc3 0-0 8. f3 d6 9. Qd2 Qa5 10. Be2 Rd8 11. Nb3 Qb4 12. Qc2 Na5 13. Nd2 Nc6 14. 0-0 Qa5 15. Nb5 Rd7 16. Rfd1 a6 17. Nb3 Qd8 18. Nc3 b6 19. Bf1 Rb8 20. Qf2 Rdb7 21. Rac1 Nd7 22. Rd2 Qf8 23. g3 Nc5 24. Nd4 Bd7 25. Nxc6 Bxc6 26. b3 h5 27. Nd5 Bxd5 28. Rxd5 a5 29. Qd2 Ne6 30. Qe1 Bf6 31. f4 Nc7 32. Rd2 Qg7 33. Qf2 Bc3 34. Rdc2 Bb4 35. Bg2 Bc5 36. e5 Ra7 37. Bxc5 dxc5 38. Bh3 e6 39. Rd1 Ne8 40. a4 Qf8 41. Rcd2 Qe7 42. Bg2 Ng7 43. Be4 Rc7 44. Rd3 Nf5 45. Bxf5 gxf5 46. Qf3 h4 47. Qh5 h3 48. g4 f6 49. Rxh3 Qg7 1-0

[Event "Hell op"]
[Site "Hell"]
[Date "2019.08.03"]
[Round "1"]
[White "Volkov, Sergey"]
[Black "Kolas, Tore"]
[Result "1-0"]
[WhiteElo "2547"]
[BlackElo "2125"]
[PlyCount "181"]
[EventDate "2019.08.03"]
[EventType "swiss"]
[EventRounds "10"]
[EventCountry "NOR"]
[SourceTitle "CBM 191 Extra"]
[Source "ChessBase"]
[SourceDate "2019.09.30"]
[SourceVersion "1"]
[SourceVersionDate "2019.09.30"]
[SourceQuality "1"]

1. d4 d5 2. c4 e6 3. Nc3 Bb4 4. e3 Nf6 5. a3 Bxc3+ 6. bxc3 c6 7. a4 0-0 8. a5 Re8 9. Nf3 c5 10. dxc5 Nc6 11. a6 bxa6 12. cxd5 exd5 13. Bxa6 Ne4 14. Nd4 Ne5 15. c6 Bxa6 16. Rxa6 Qc8 17. Ra3 Nxc6 18. 0-0 Ne5 19. Ne2 Qc4 20. Ra4 Qc6 21. Rd4 Nxc3 22. Nxc3 Qxc3 23. Rxd5 a5 24. Bd2 Qa3 25. Qa1 Qxa1 26. Rxa1 a4 27. Bc3 Nc4 28. Rc5 Nd6 29. Bd4 f6 30. g4 Kf7 31. Kf1 Rec8 32. Rxc8 Nxc8 33. Ke2 Nd6 34. Kd3 f5 35. gxf5 Nxf5 36. Bc5 Ke6 37. e4 Nd6 38. f4 g6 39. h4 Ra6 40. Bb4 Ra8 41. Ra2 Kd7 42. Kd4 Ke6 43. Kd3 Nb5 44. h5 gxh5 45. Kc4 Nd6+ 46. Kd4 h4 47. f5+ Nxf5+ 48. exf5+ Kxf5 49. Ke3 Kg4 50. Kf2 h3 51. Bd2 a3 52. Bc1 Ra6 53. Bxa3 Ra8 54. Ra1 h2 55. Kg2 h5 56. Kxh2 Kf3 57. Rg1 Ra5 58. Rg3+ Ke4 59. Kh3 Rf5 60. Kg2 h4 61. Rh3 Rg5+ 62. Kf2 Rh5 63. Bc1 Rh7 64. Be3 Rf7+ 65. Ke2 Rh7 66. Bf2 Kf5 67. Kf3 Kg5 68. Be3+ Kf5 69. Bf4 Rh8 70. Rh2 h3 71. Ra2 h2 72. Bxh2 Ke6 73. Ke4 Rh4+ 74. Bf4 Rh1 75. Bg3 Rd1 76. Ra6+ Kd7 77. Ke5 Rd2 78. Bf4 Rd1 79. Ra2 Re1+ 80. Kd5 Rd1+ 81. Bd2 Ke7 82. Ke5 Kd7 83. Rc2 Rh1 84. Bf4 Rh5+ 85. Kf6 Rh1 86. Rc7+ Kd8 87. Ra7 Rf1 88. Ke5 Kc8 89. Rf7 Rd1 90. Ke6 Rb1 91. Rf8+ 1-0

[Event "Fagernes TV2 GM op"]
[Site "Fagernes"]
[Date "2018.03.27"]
[Round "3"]
[White "Kolas, Tore"]
[Black "Gonzalez, Francisco Silva"]
[Result "1-0"]
[WhiteElo "2159"]
[BlackElo "2083"]
[PlyCount "69"]
[EventDate "2018.03.25"]
[EventType "swiss"]
[EventRounds "9"]
[EventCountry "NOR"]
[SourceTitle "CBM 183 Extra"]
[Source "ChessBase"]
[SourceDate "2018.04.19"]
[SourceVersion "1"]
[SourceVersionDate "2018.04.19"]
[SourceQuality "1"]

1. e4 e5 2. Nf3 Nc6 3. Bb5 a6 4. Ba4 Nf6 5. 0-0 Bc5 6. c3 b5 7. Bc2 d6 8. d4 Bb6 9. a4 Bg4 10. h3 Bd7 11. axb5 axb5 12. Rxa8 Qxa8 13. Na3 exd4 14. cxd4 Nb4 15. Bb1 0-0 16. e5 Nfd5 17. Qe2 f6 18. Qe4 f5 19. Qh4 h6 20. Re1 f4 21. e6 Be8 22. Bd2 Rf6 23. Be4 Qa7 24. e7 c6 25. Bxb4 Nxb4 26. d5 cxd5 27. Bb1 Qd7 28. Kh2 d4 29. Nc2 Nd3 30. Re2 Rf5 31. g4 Re5 32. Ncxd4 Rxe2 33. Bxd3 Rxb2 34. Bf5 Qb7 35. g5 1-0

[Event "NOR-chT Club"]
[Site "Kristiansund"]
[Date "2017.10.21"]
[Round "4.2"]
[White "Holm, Kristian Stuvik"]
[Black "Kolas, Tore"]
[Result "1-0"]
[WhiteElo "2433"]
[BlackElo "2168"]
[PlyCount "81"]
[EventDate "2017.10.20"]
[EventType "team-tourn"]
[EventRounds "6"]
[EventCountry "NOR"]
[SourceTitle "CBM 181 Extra"]
[Source "ChessBase"]
[SourceDate "2017.12.12"]
[SourceVersion "1"]
[SourceVersionDate "2017.12.12"]
[SourceQuality "1"]
[WhiteTeam "Valerenga"]
[BlackTeam "Trondheim"]
[WhiteTeamCountry "NOR"]
[BlackTeamCountry "NOR"]

1. Nf3 c5 2. c4 g6 3. d4 cxd4 4. Nxd4 Nc6 5. e4 Nf6 6. Nc3 d6 7. Be2 Nxd4 8. Qxd4 Bg7 9. Be3 0-0 10. Qd2 Be6 11. Rc1 Qa5 12. f3 Rfc8 13. b3 a6 14. Na4 Qxd2+ 15. Kxd2 Nd7 16. g4 f5 17. exf5 gxf5 18. h3 Rf8 19. f4 Rad8 20. Nc3 d5 21. cxd5 Nf6 22. Bb6 Nxd5 23. Nxd5 Bxd5 24. Bxd8 Rxd8 25. Ke3 Bxh1 26. Rxh1 Bd4+ 27. Kf3 fxg4+ 28. hxg4 Kg7 29. g5 Bc5 30. Rc1 b6 31. Bxa6 Ra8 32. Bd3 h6 33. gxh6+ Kxh6 34. a4 Kg7 35. Rh1 Rh8 36. Rxh8 Kxh8 37. Ke4 Kg7 38. Kd5 Kf6 39. a5 Be3 40. a6 b5 41. Kc6 1-0

[Event "NOR-chT Club"]
[Site "Kristiansund"]
[Date "2017.10.21"]
[Round "3.6"]
[White "Kolas, Tore"]
[Black "Lobersli, Henrik Oie"]
[Result "1-0"]
[WhiteElo "2168"]
[BlackElo "2047"]
[PlyCount "47"]
[EventDate "2017.10.20"]
[EventType "team-tourn"]
[EventRounds "6"]
[EventCountry "NOR"]
[SourceTitle "CBM 181 Extra"]
[Source "ChessBase"]
[SourceDate "2017.12.12"]
[SourceVersion "1"]
[SourceVersionDate "2017.12.12"]
[SourceQuality "1"]
[WhiteTeam "Trondheim"]
[BlackTeam "Kristiansund"]
[WhiteTeamCountry "NOR"]
[BlackTeamCountry "NOR"]

1. e4 e5 2. Nf3 Nc6 3. Bc4 Nf6 4. d3 Be7 5. 0-0 0-0 6. Re1 d6 7. a4 Kh8 8. h3 Ng8 9. d4 f5 10. dxe5 fxe4 11. exd6 exf3 12. dxe7 Qxd1 13. Rxd1 Ngxe7 14. Be3 fxg2 15. Kxg2 b6 16. Nc3 Bb7 17. Bd3 Nb4+ 18. Ne4 Nf5 19. Kg1 Rae8 20. Ng5 Nxe3 21. fxe3 h6 22. Nf7+ Rxf7 23. Bg6 Ree7 24. Rd8+ 1-0

[Event "NOR-chT 1516"]
[Site "Norway"]
[Date "2016.03.06"]
[Round "9.2"]
[White "Sahl, Bjarke"]
[Black "Kolas, Tore"]
[Result "1-0"]
[WhiteElo "2351"]
[BlackElo "2210"]
[PlyCount "78"]
[EventDate "2015.10.30"]
[EventType "team-tourn"]
[EventRounds "9"]
[EventCountry "NOR"]
[SourceTitle "EXT 2017"]
[Source "ChessBase"]
[SourceDate "2016.10.25"]
[SourceVersion "1"]
[SourceVersionDate "2016.10.25"]
[SourceQuality "1"]
[WhiteTeam "Asker"]
[BlackTeam "Trondheim"]
[WhiteTeamCountry "NOR"]
[BlackTeamCountry "NOR"]

1. e4 c5 2. c3 Nf6 3. e5 Nd5 4. d4 cxd4 5. Nf3 d6 6. cxd4 Nc6 7. Bc4 Nb6 8. Bb5 dxe5 9. Nxe5 Bd7 10. Nxd7 Qxd7 11. Be3 e6 12. 0-0 Be7 13. Nc3 0-0 14. Qh5 Rfd8 15. Rad1 Nd5 16. Bc4 Rac8 17. Nxd5 exd5 18. Bd3 g6 19. Qf3 Re8 20. Bb5 Bf8 21. Rc1 Re4 22. Qd1 Bg7 23. Rc5 Qe6 24. Bd3 Rxe3 25. fxe3 Qxe3+ 26. Kh1 Qxd4 27. Rc2 Re8 28. Bb5 Qxd1 29. Rxd1 Re6 30. g3 a6 31. Bxc6 Rxc6 32. Rxc6 bxc6 33. Rd2 Bf8 34. Rd4 a5 35. a3 Bg7 36. Ra4 Bxb2 37. Rxa5 Kf8 38. a4 Bd4 39. Ra6 c5 1-0

[Event "NOR-chT 1516"]
[Site "Norway"]
[Date "2016.01.17"]
[Round "6.3"]
[White "Turov, Maxim"]
[Black "Kolas, Tore"]
[Result "1-0"]
[WhiteElo "2609"]
[BlackElo "2210"]
[PlyCount "51"]
[EventDate "2015.10.30"]
[EventType "team-tourn"]
[EventRounds "9"]
[EventCountry "NOR"]
[SourceTitle "CBM 170 Extra"]
[Source "ChessBase"]
[SourceDate "2016.02.25"]
[SourceVersion "1"]
[SourceVersionDate "2016.02.25"]
[SourceQuality "1"]
[WhiteTeam "Tromsoe"]
[BlackTeam "Trondheim"]
[WhiteTeamCountry "NOR"]
[BlackTeamCountry "NOR"]

1. d4 d5 2. c4 e6 3. Nc3 Bb4 4. Nf3 Nf6 5. cxd5 exd5 6. Qa4+ Nc6 7. Bg5 h6 8. Bxf6 Qxf6 9. e3 0-0 10. Be2 Be6 11. a3 Bxc3+ 12. bxc3 Ne7 13. 0-0 b6 14. Ne5 Rfd8 15. Ba6 Bc8 16. Be2 c5 17. Bf3 Bb7 18. Rab1 Nc6 19. Nd3 c4 20. Nf4 Na5 21. Qc2 Bc6 22. Rfe1 b5 23. Bxd5 Rxd5 24. Nxd5 Bxd5 25. Rxb5 Bxg2 26. Qf5 1-0

[Event "NOR-ch Master"]
[Site "Trondheim"]
[Date "2014.07.13"]
[Round "2"]
[White "Royset, Pal"]
[Black "Kolas, Tore"]
[Result "1-0"]
[WhiteElo "2208"]
[BlackElo "2242"]
[PlyCount "89"]
[EventDate "2014.07.12"]
[EventType "swiss"]
[EventRounds "9"]
[EventCountry "NOR"]
[SourceTitle "EXT 2019"]
[Source "ChessBase"]
[SourceDate "2018.10.10"]
[SourceVersion "1"]
[SourceVersionDate "2018.10.10"]
[SourceQuality "1"]

1. e4 c5 2. Nc3 Nc6 3. f4 g6 4. Nf3 Bg7 5. Bb5 Nd4 6. a4 e6 7. 0-0 Ne7 8. e5 a6 9. Bd3 d6 10. Ne4 Nxf3+ 11. Qxf3 Nf5 12. g4 Nd4 13. Qf2 dxe5 14. fxe5 0-0 15. Nf6+ Bxf6 16. exf6 e5 17. Qh4 Kh8 18. Ra3 Qd7 19. h3 Qd5 20. Qh6 Rg8 21. Qe3 Be6 22. c3 Nc6 23. Be4 Qd6 24. d3 Rad8 25. c4 Nd4 26. Qf2 b6 27. Bh6 Rge8 28. Bxg6 fxg6 29. f7 Bxf7 30. Qxf7 Ne6 31. Rf6 Qe7 32. Rb3 Qxf7 33. Rxf7 Rb8 34. Ra7 Nd4 35. Ra3 a5 36. Ra1 e4 37. dxe4 Rxe4 38. Rf1 Rbe8 39. Rff7 Re1+ 40. Kf2 R8e2+ 41. Kg3 Rg1+ 42. Kh4 Nf5+ 43. Rxf5 gxf5 44. Ra8+ Re8 45. Rxe8# 1-0

[Event "NOR-chT 1213"]
[Site "Norway"]
[Date "2012.11.04"]
[Round "3"]
[White "Stokke, Kjetil"]
[Black "Kolas, Tore"]
[Result "1-0"]
[WhiteElo "2403"]
[BlackElo "2227"]
[PlyCount "63"]
[EventDate "2012.11.02"]
[EventType "team-tourn"]
[EventRounds "9"]
[EventCountry "NOR"]
[SourceTitle "EXT 2013"]
[Source "ChessBase"]
[SourceDate "2012.11.22"]
[SourceVersion "1"]
[SourceVersionDate "2012.11.22"]
[SourceQuality "1"]
[WhiteTeam "Bergens"]
[BlackTeam "Trondheim"]
[WhiteTeamCountry "NOR"]
[BlackTeamCountry "NOR"]

1. Nf3 Nf6 2. c4 g6 3. Nc3 d5 4. cxd5 Nxd5 5. Qc2 Nc6 6. d4 Ndb4 7. Qa4 Bd7 8. Qd1 Be6 9. a3 Nd5 10. e4 Nxc3 11. bxc3 Na5 12. Rb1 Bg7 13. Ng5 Bd7 14. Bd3 c5 15. Be3 0-0 16. e5 Bc6 17. 0-0 Qd5 18. Qg4 Bd7 19. Qh4 h6 20. Nf3 h5 21. Qxe7 cxd4 22. cxd4 Nc6 23. Qg5 Bg4 24. Rb5 Qa2 25. Rxb7 Bxf3 26. gxf3 Rad8 27. Bxg6 fxg6 28. Qxg6 Rf7 29. Rxf7 Qxf7 30. Qxc6 Kh8 31. Qe4 Rg8 32. Kh1 1-0

[Event "NOR-chT 0809"]
[Site "Norway"]
[Date "2008.11.07"]
[Round "3"]
[White "Moen, Andreas"]
[Black "Kolas, Tore"]
[Result "1-0"]
[WhiteElo "2341"]
[BlackElo "2144"]
[PlyCount "101"]
[EventDate "2008.11.07"]
[EventType "tourn"]
[EventRounds "11"]
[EventCountry "NOR"]
[SourceTitle "EXT 2010"]
[Source "ChessBase"]
[SourceDate "2010.11.25"]
[SourceVersion "1"]
[SourceVersionDate "2010.11.25"]
[SourceQuality "1"]

1. e4 e5 2. Nf3 Nc6 3. Bc4 Nf6 4. d3 Bc5 5. Nc3 d6 6. Be3 Nd4 7. Bxd4 exd4 8. Ne2 Bg4 9. Bb3 c6 10. Qd2 d5 11. e5 Bxf3 12. exf6 Bxe2 13. Qxe2+ Kf8 14. fxg7+ Kxg7 15. Qg4+ Kf8 16. 0-0 Rg8 17. Qh3 Qg5 18. g3 h5 19. c4 dxc3 20. bxc3 h4 21. d4 Bd6 22. Rae1 Qg4 23. Qxg4 Rxg4 24. Kg2 hxg3 25. fxg3 Re8 26. Bc2 Rg8 27. Bf5 Rxe1 28. Rxe1 Kg7 29. h4 Rh8 30. Kh3 Kf6 31. Bd3 Ba3 32. Re2 Rd8 33. g4 Rd6 34. g5+ Kg7 35. Bf5 Rd8 36. h5 c5 37. Kg4 cxd4 38. cxd4 Kf8 39. h6 Bb4 40. Rc2 Ba5 41. Rf2 Kg8 42. g6 fxg6 43. Be6+ Kh8 44. Kg5 Rd6 45. Rf8+ Kh7 46. Bg8+ Kh8 47. Bxd5+ Kh7 48. Bg8+ Kh8 49. Be6+ Kh7 50. Rf7+ Kh8 51. d5 1-0

[Event "NOR-chT 0607"]
[Site "Oslo"]
[Date "2007.01.14"]
[Round "6"]
[White "Kolas, Tore"]
[Black "Trygstad, Kristian J"]
[Result "0-1"]
[WhiteElo "2218"]
[BlackElo "2346"]
[PlyCount "76"]
[EventDate "2006.11.10"]
[EventType "team-tourn"]
[EventRounds "9"]
[EventCountry "NOR"]
[SourceTitle "EXT 2008"]
[Source "ChessBase"]
[SourceDate "2007.11.25"]
[SourceVersion "1"]
[SourceVersionDate "2007.11.25"]
[SourceQuality "1"]

1. e4 c5 2. Nf3 e6 3. Nc3 a6 4. d4 cxd4 5. Nxd4 Qc7 6. Bd3 Nf6 7. 0-0 Nc6 8. Be3 Nxd4 9. Bxd4 Bc5 10. Bxc5 Qxc5 11. Kh1 d6 12. Qe1 e5 13. f4 Be6 14. Qh4 exf4 15. Qxf4 Qe5 16. Qh4 0-0-0 17. Rae1 h5 18. Qf2 Ng4 19. Qg1 Rhe8 20. Na4 h4 21. h3 Nf6 22. Qa7 Qa5 23. Nb6+ Kc7 24. Nc4 Bxc4 25. Bxc4 Re7 26. Qd4 Rde8 27. e5 dxe5 28. Qxh4 Qc5 29. Bb3 Kb8 30. Qg3 Qc6 31. Qxg7 Rg8 32. Rxf6 Rxg7 33. Rxc6 bxc6 34. Bc4 Kb7 35. Rf1 Kb6 36. Kh2 a5 37. Rf6 Kc5 38. Bb3 e4 0-1

[Event "Kesarovski Georgiev Memorial 5th"]
[Site "Sunny Beach"]
[Date "2006.09.07"]
[Round "6.11"]
[White "Velchev, Hristo"]
[Black "Kolas, Tore"]
[Result "1-0"]
[WhiteElo "2302"]
[BlackElo "2169"]
[PlyCount "97"]
[EventDate "2006.09.02"]
[EventType "swiss"]
[EventRounds "9"]
[EventCountry "BUL"]
[SourceTitle "CBM 114 Extra"]
[Source "ChessBase"]
[SourceDate "2006.11.03"]
[SourceVersion "1"]
[SourceVersionDate "2006.11.03"]
[SourceQuality "1"]

1. e4 c5 2. Nf3 d6 3. d4 cxd4 4. Nxd4 Nf6 5. Nc3 Nc6 6. Nde2 e5 7. g3 d5 8. exd5 Nb4 9. a3 Nbxd5 10. Nxd5 Nxd5 11. c4 Nb6 12. Qxd8+ Kxd8 13. Nc3 Bg4 14. Be3 Bf3 15. Rg1 Rc8 16. b3 Bc5 17. Be2 Bxe2 18. Kxe2 Bxe3 19. fxe3 Ke7 20. Rgf1 a5 21. Ne4 Rhd8 22. c5 Nd5 23. Rac1 f6 24. Rfd1 Ke6 25. Nd6 Rc7 26. e4 Ne7 27. b4 axb4 28. axb4 Nc6 29. Rb1 Nd4+ 30. Kf2 b6 31. Nb5 Rcd7 32. Nxd4+ Rxd4 33. Rxd4 Rxd4 34. cxb6 Kd6 35. b5 Kc5 36. b7 Rd8 37. Rc1+ Kb6 38. Rc8 Rd2+ 39. Ke3 Kxb7 40. Kxd2 Kxc8 41. Kc3 Kc7 42. g4 g6 43. Kb4 Kd6 44. Kc4 h6 45. Kb4 h5 46. gxh5 gxh5 47. h4 Kd7 48. Kc5 Kc7 49. Kd5 1-0